| 000 | 00342nam a22001337a 4500 | ||
|---|---|---|---|
| 020 | _qPB. | ||
| 040 | _cFIZZA ISHAQ | ||
| 082 |
_a425 _bWRE |
||
| 100 |
_aWREN P.C. _932403 |
||
| 245 |
_aHIGH SCHOOL ENGLISH GRAMMAR AND COMPOSION / _cP.C.WREN. |
||
| 260 |
_aLAHORE PAKISTAN ; _bIRIP, _c2010. |
||
| 300 |
_a357 P. ; _c9.2X6.9IN |
||
| 942 |
_2ddc _cBK |
||
| 999 |
_c616544 _d616544 |
||